Alan and Naomi /

In New York of the 1940's a boy tries to befriend a girl traumatized by Nazi brutality in France.

Bibliographic Details
Main Author: Levoy, Myron
Format: Book
Language:English
Published: New York : Harper & Row, [1977]
Edition:1st ed.
Subjects:

MARC

Tag First Indicator Second Indicator Subfields
LEADER 00000pam a2200000 a 4500
001 in00000096683
005 20150924084824.0
008 770630s1977 nyu j 00 11 engm
010 |a  76041522  
020 |a 0060237996 :  |c $6.79 
020 |a 0060238003 (lib. bdg. :)  |c $5.79 
035 |a (OCoLC)03169685 
035 |9 AAK8817AM 
040 |a DLC  |c DLC  |d m.c.  |d TXA  |d UtOrBLW 
049 |a [Curr Col] TXAM  |c [933683] 
050 0 0 |a PZ7 L5825  |b  Al 
082 0 |a [Fic] 
100 1 |a Levoy, Myron. 
245 1 0 |a Alan and Naomi /  |c by Myron Levoy. 
250 |a 1st ed. 
264 1 |a New York :  |b Harper & Row,  |c [1977] 
264 4 |c ©1977 
300 |a 192 pages ;  |c 22 cm. 
336 |a text  |b txt  |2 rdacontent 
337 |a unmediated  |b n  |2 rdamedia 
338 |a volume  |b nc  |2 rdacarrier 
520 |a In New York of the 1940's a boy tries to befriend a girl traumatized by Nazi brutality in France. 
650 1 |a Friendship  |x Fiction. 
650 1 |a Mentally ill  |x Fiction. 
651 1 |a New York (N. Y.)  |x Fiction. 
999 |a MARS 
999 f f |s 45d1db9d-ad11-3051-b5a8-2943c632623f  |i c1834a84-4484-33dd-89e8-6f223412daed  |t 0 
952 f f |p normal  |a Texas A&M University  |b College Station  |c Sterling C. Evans Library  |d Evans: Curriculum Collection (4th floor)  |t 0  |e PZ7 L5825 Al  |h Library of Congress classification  |i unmediated -- volume  |m A14806025796 
998 f f |a PZ7 L5825 Al  |t 0  |l Evans: Curriculum Collection (4th floor)